Dignity of Elderly and Digitalised Social Care

Elmentve itt :
Bibliográfiai részletek
Szerző: Hajdú József
Dokumentumtípus: Könyv része
Megjelent: Institute of Criminological and Sociological Research Újvidék 2020
Sorozat:Yearbook - Human Rights Protection: The Right to Human Dignity
mtmt:31868148
Online Access:http://publicatio.bibl.u-szeged.hu/20818
LEADER 00720naa a2200193 i 4500
001 publ20818
005 20210305111004.0
008 210305s2020 hu o 0|| zxx d
020 |a 9788689417128; 9788680756363 
024 7 |a 31868148  |2 mtmt 
040 |a SZTE Publicatio Repozitórium  |b hun 
041 |a zxx 
100 1 |a Hajdú József 
245 1 0 |a Dignity of Elderly and Digitalised Social Care  |h [elektronikus dokumentum] /  |c  Hajdú József 
260 |a Institute of Criminological and Sociological Research  |b Újvidék  |c 2020 
300 |a 28 
300 |a 569-596 
490 0 |a Yearbook - Human Rights Protection: The Right to Human Dignity 
856 4 0 |u http://publicatio.bibl.u-szeged.hu/20818/8/31868148.pdf  |z Dokumentum-elérés